000 01320nam a22003737a 4500
003 CHAP
005 20220817044206.0
008 090623s2007 it b rn 00010 eng d
010 _a94273
011 _a95245
020 _a9789251056462
035 _a105858
040 _cCHAP
082 0 4 _a639.2
_bF3y v.458
110 2 _aFAO
245 1 0 _aGeographic information systems, remote sensing and mapping for the development and management of marine aquaculture
_c/ by James McDaind Kapetsky and José Aguilar Manjarrez
260 _aRome :
_bFAO,
_c2007.
300 _a125 p. :
_bgráfs. ; cuadros. ; mapas.
490 0 _aDocumento técnico de pesca
_v; 458
590 _aBATCH-UPD
_b10
_c20130110
_lUCH01
_h1446
590 _aBATCH-UPD
_b10
_c20130410
_lUCH01
_h0915
590 _aBATCH-UPD
_b10
_c20130914
_lUCH01
_h0854
590 _aCONVERSION
_b10
_c20130109
_lUCH01
_h1352
650 1 4 _aAcuicultura.
_9758
650 1 4 _aCartografía.
_919644
650 1 4 _aPesca
_xAdministración.
_987353
650 1 4 _aSistemas de Información Geográfica.
700 0 _aAguilar Manjarrez, Jose.
700 0 _aMcDaid Kapetsky, James.
_973462
830 0 0 _aDocumento técnico de pesca
_v; 458
_933242
901 _aBK
942 _cLIBRO
949 _a639.2 F3y v.458
_bBC
_cFAO
_d33724002045124
_eFAO1
_gDonaciØn
_h110708
_i105858
_sb
999 _c94273
_d94273